| 000 -LEADER |
| fixed length control field |
01154nam a2200313Ia 4500 |
| 001 - CONTROL NUMBER |
| control field |
20701 |
| 003 - CONTROL NUMBER IDENTIFIER |
| control field |
GE_BSU |
| 005 - DATE AND TIME OF LATEST TRANSACTION |
| control field |
20221114120634.0 |
| 008 - FIXED-LENGTH DATA ELEMENTS--GENERAL INFORMATION |
| fixed length control field |
181216s2012||||xx |||||||||||||| ||eng|| |
| 020 ## - INTERNATIONAL STANDARD BOOK NUMBER |
| International Standard Book Number |
9781936287192x |
| 040 ## - CATALOGING SOURCE |
| Transcribing agency |
GE_BSU |
| 041 ## - LANGUAGE CODE |
| Language code of text/sound track or separate title |
eng. |
| 080 ## - UNIVERSAL DECIMAL CLASSIFICATION NUMBER |
| Universal Decimal Classification number |
579+616 |
| 100 ## - MAIN ENTRY--PERSONAL NAME |
| Personal name |
Stratton, Charles W. |
| 9 (RLIN) |
10357 |
| 245 ## - TITLE STATEMENT |
| Title |
Clinical Microbiology : |
| Remainder of title |
Quality in Laboratory Diagnosis / |
| Statement of responsibility, etc. |
Charles W. Stratton ; Editor : R. Winters Series, M. Laposta. |
| 264 ## - PRODUCTION, PUBLICATION, DISTRIBUTION, MANUFACTURE, AND COPYRIGHT NOTICE |
| Place of production, publication, distribution, manufacture |
New York : |
| Name of producer, publisher, distributor, manufacturer |
Demosmedical, |
| Date of production, publication, distribution, manufacture, or copyright notice |
2012. |
| 300 ## - PHYSICAL DESCRIPTION |
| Extent |
151 p. ; |
| Dimensions |
21 cm. |
| 653 ## - INDEX TERM--UNCONTROLLED |
| keyword |
Clinical Microbiology |
| 653 ## - INDEX TERM--UNCONTROLLED |
| keyword |
Quality in Laboratory Diagnosis |
| 653 ## - INDEX TERM--UNCONTROLLED |
| keyword |
Клиническая микробиология |
| 653 ## - INDEX TERM--UNCONTROLLED |
| keyword |
качество лабораторной диагностики |
| 653 ## - INDEX TERM--UNCONTROLLED |
| keyword |
კლინიკური მიკრობიოლოგია |
| 653 ## - INDEX TERM--UNCONTROLLED |
| keyword |
ხარისხის ლაბორატორიული დიაგნოზი |
| 653 ## - INDEX TERM--UNCONTROLLED |
| keyword |
მედიცინა |
| 700 ## - ADDED ENTRY--PERSONAL NAME |
| Personal name |
Series, R. Winters |
| Relator term |
Editor |
| 9 (RLIN) |
10358 |
| 700 ## - ADDED ENTRY--PERSONAL NAME |
| Personal name |
Laposta, M. |
| Relator term |
Editor |
| 9 (RLIN) |
10359 |
| 942 ## - ADDED ENTRY ELEMENTS (KOHA) |
| Koha item type |
წიგნი |
| Source of classification or shelving scheme |
|